| 000 | 00497nam a2200181 i 4500 | ||
|---|---|---|---|
| 001 | 131210 | ||
| 003 | ES-MaACL | ||
| 005 | 20230906193933.0 | ||
| 007 | t| | ||
| 008 | 070214s1963 mx |||| | spa d | ||
| 080 | _a821.134.2(899)-4"18" | ||
| 100 | 1 |
_aRodó, José Enrique _d1871-1917 _998152 |
|
| 245 | 1 | 3 |
_aEl que vendrá / _cJosé Enrique Rodó. |
| 260 |
_aMéxico : _bEd. Nacional, _c1963. |
||
| 300 |
_a313 p. ; _c17 cm. |
||
| 852 |
_aES-MaACL _jE-9360 |
||
| 999 |
_c131210 _d131210 |
||